Rights of Way Act consultation launched (Record no. 73070)

MARC details
000 -LEADER
fixed length control field 01222cam a2200205 4500
001 - CONTROL NUMBER
control field WB3927-18
008 - FIXED-LENGTH DATA ELEMENTS--GENERAL INFORMATION
fixed length control field 030717n2003 000 0 eng u
035 ## - SYSTEM CONTROL NUMBER
System control number (Sirsi) u123058
245 ## - TITLE STATEMENT
Title Rights of Way Act consultation launched
260 ## - PUBLICATION, DISTRIBUTION, ETC.
Date of publication, distribution, etc. 2003
490 ## - SERIES STATEMENT
Series statement DEFRA Consultation Paper
Volume/sequential designation 11 July 2003 (15)
520 ## - SUMMARY, ETC.
Summary, etc. "Consultation paper on regulations relating to the removal or relaxation of general restrictions on access land under Part 1 of the Countryside and Rights of Way Act 2000" has been launched by DEFRA inviting views on proposals for regulations for implementing Part 1 of the Countryside and Rights of Way Act 2000. This provides a new statutory right of public access on foot for the purposes of open-air recreation, to open country and registered common land in England and land which is dedicated for access under s16 of the Act. Views are sought by 3 October 2003 and copies of the consultation document can be downloaded from http://www.defra.gov.uk/corporate/consult/landaccess/index.htm
590 ## - LOCAL NOTE (RLIN)
Local note WB
650 ## - SUBJECT ADDED ENTRY--TOPICAL TERM
Topical term or geographic name entry element COUNTRYSIDE AND RIGHTS OF WAY ACT 2000
650 ## - SUBJECT ADDED ENTRY--TOPICAL TERM
Topical term or geographic name entry element CONSULTATION PAPERS
650 ## - SUBJECT ADDED ENTRY--TOPICAL TERM
Topical term or geographic name entry element RIGHT OF WAY
650 ## - SUBJECT ADDED ENTRY--TOPICAL TERM
Topical term or geographic name entry element ACCESS RIGHTS
690 ## - LOCAL SUBJECT ADDED ENTRY--TOPICAL TERM (OCLC, RLIN)
Topical term or geographic name as entry element Rural
9 (RLIN) 6268
942 ## - ADDED ENTRY ELEMENTS (KOHA)
Suppress in OPAC 0
Holdings
Withdrawn status Lost status Source of classification or shelving scheme Damaged status Not for loan Home library Current library Shelving location Date acquired Total Checkouts Full call number Barcode Date last seen Copy number Price effective from Koha item type
    Dewey Decimal Classification     London London News article 17/07/2003   WB3927-18 123058-1001 06/08/2019 1 06/08/2019 News article